000 00416nam a2200145Ii 4500
003 JO-AjNU
008 230605s9999||||xx |||||||||||||| ||und||
040 _aJO-AjNU
_bara
_erda
_cJO-AjNU
041 _aara
100 3 _aمحافظة، علي,
_eauthor
_950849
245 0 0 _aالتربية الوطنية
336 _atext
_btxt
_2rdacontent
337 _aunmediated
_bn
_2rdamedia
338 _avolume
_bnc
_2rdacarrier
999 _aA22424
_c25992
_d25992